00575nam a2200145Ia 4500008004100000245014300041260003900184260000900223300000700232650002600239650001200265856006000277999001900337952007300356170516s9999 xx 000 0 und d aBiliary complications following orthotopic liver transplantation: May contrast-enhanced MR Cholangiography provide additional information? bEuropean Journal of Radiology Open c2016 a3: xRadiologic Technology xRadtech uhttp://www.sciencedirect.com/science/journal/23520477/3 c332199d332199 001040aCLbCLd2017-05-16l0r2017-05-16 00:00:00w2017-05-16yFOJ